| 000 | 00872cam a2200253 a 4500 | ||
|---|---|---|---|
| 001 | 16612796 | ||
| 005 | 20250423104033.0 | ||
| 008 | 110112s2012 moua b 001 0 eng | ||
| 020 | _a9781437707403 (pbk.) | ||
| 040 | _cPK-LaUMT | ||
| 082 | 0 | 0 |
_a617.572044 _222 _bPHY- |
| 245 | 0 | 0 |
_aPhysical therapy of the shoulder / _cedited by Robert A. Donatelli |
| 250 | _a5th ed. | ||
| 260 |
_aSt. Louis, Mo. : _bElsevier/Churchill Livingstone, _c2012 |
||
| 300 |
_axii, 476 p. : _bill. ; _c28 cm. |
||
| 650 | 0 |
_aShoulder _xWounds and injuries. _95401 |
|
| 650 | 0 |
_aShoulder _xWounds and injuries _xTreatment. _95402 |
|
| 650 | 0 |
_aShoulder _xWounds and injuries _xPhysical therapy. _95403 |
|
| 650 | 1 | 2 |
_aShoulder _xinjuries. _95404 |
| 650 | 1 | 2 |
_aShoulder Joint _xinjuries. _95405 |
| 650 | 2 | 2 |
_aPhysical Therapy Modalities. _94968 |
| 700 | 1 |
_aDonatelli, Robert. _92149 |
|
| 942 | _cBK | ||
| 999 |
_c137353 _d137353 |
||